Los sabios de Israel: conciencia y ley a debate

Salvato in:
Dettagli Bibliografici
Autore principale: Salas, Antonio (Autore)
Natura: Libro
Lingua:spagnolo
Pubblicazione: Cuernavaca Ediciones Dabar 1993
Edizione:1a. ed
Serie:Introducción a La Biblia, 5
Soggetti:
Tags: Aggiungi Tag
Nessun Tag, puoi essere il primo ad aggiungerne!!

MARC

LEADER 00000cam a2200000 a 4500
001 UCE8659
003 CL-VaPUC
008 150827e19930000mx |||||||||||||||||spa|d
020 |a 968750692X 
082 0 4 |a 233.56  |b SAL  |2 21 
100 0 |a Salas, Antonio  |e author  |9 581392 
245 1 4 |a Los sabios de Israel: conciencia y ley a debate 
250 |a 1a. ed 
300 |a 157 p 
942 |c BK 
945 |d 20150827 16:13:00  |a dcastane 
260 |a Cuernavaca  |b Ediciones Dabar  |c 1993 
650 0 |a Biblia  |9 257603 
650 0 |a Antiguo testamento   |9 313678 
650 7 |a LIBRO DE SABIDURIA  |2 CL-VaPUC  |9 545528 
583 |a last modification  |c 20150827 16:13:00  |k Rodrigo Vera 
490 0 |a Introducción a La Biblia, 5 
999 |c 360451  |d 360449 
952 |0 0  |1 0  |3 erb  |4 0  |6 233_560000000000000_SAL_1993  |7 0  |8 A  |9 470283  |a BIBTEO  |b BIBTEO  |e Valenzuela Fuenzalida, Alvaro Miguel, 1932-  |i 5189942  |o 233.56 SAL 1993  |p 5189942  |r 2025-01-17  |w 2019-11-23  |y BK  |z Catalogado en:20150827  |k ICR